000 01298nam a2200373Ia 4500
001 Z_6617
003 CHAP
005 20230630144519.0
008 220113s2014 xx 000 0 und d
010 _a169888
040 _cCHAP
090 _aTesis A78 2349
100 _aArteaga Cabrera, Victor
_9127522
245 _aEstado nutricional del ganado y acomulación de forraje en una unidad de producción de becerros /
_cVictor Artega Cabrera
260 _aMéxico :
_bEl autor,
_c2014
300 _aCD
502 _aTesis (Maestro en Ciencias en Innovación Ganadera) -- UACh, 2014 \ Dirección Maximino Huerta Bravo; asesoría: José Luis Zaragoza Ramírez y Constantino Romero Márquez
650 _aAgua
_92222
650 _aBovinos en pastoreo
_9145377
650 _aEpoca
_9144794
650 _aForraje
_9137922
650 _aGanado bovino
_9138033
650 _aSuelo
_9145086
650 _aSuero sanguineo
_9110588
700 _a Romero Márquez, Constantino, asesor
_9144227
700 _a Zaragoza Ramírez, José Luis, asesor
_9143249
700 _aHuerta Bravo, Maximino, director
_9137817
856 4 2 _uhttp://10.13.5.2/tesis/sist110123.pdf
_yDescargar PDF
901 _aTESIS A78 2349
902 _aM
910 _a2014
942 _c2
_2ddc
942 _c2
_2ddc
999 _c169888
_d169888